| 000 | nam a22 a 4500 | ||
|---|---|---|---|
| 999 |
_c373 _d373 |
||
| 003 | AKMAL | ||
| 005 | 20170503152635.0 | ||
| 008 | 170503s1994 my 00 may d | ||
| 020 |
_a9836239456: _cRM 20.00 |
||
| 040 | _aAKMAL | ||
| 082 | 0 | 4 | _a121.0917671 WAN |
| 090 |
_a121.0917671 _bWAN |
||
| 100 | 1 |
_aWan Mohd Nor Wan Daud, _d1955- _9464 |
|
| 245 | 1 | 0 |
_aKonsep ilmu dalam Islam : _bWan Mohd. Nor Wan Daud / _cpenterjemah Rosnani Hashim |
| 260 |
_aKuala Lumpur : _bDewan Bahasa dan Pustaka, _c1994 |
||
| 300 |
_avii, 266ms. ; _c22cm |
||
| 500 | _aMengandungi indeks | ||
| 504 | _aBibliografi : ms. 245-261 | ||
| 650 |
_aKnowledge, Theory of (Islam) _9832 |
||
| 650 |
_aEducation _zMalaysia _9844 |
||
| 700 | 0 |
_aRosnani Hashim _9845 |
|
| 942 |
_2ddc _cBOOK |
||